000 00447nam a2200181 i 4500
001 bg
100 1 _aLINK, Wolfgang
245 0 _aJak mierzyć sterować i regulować za pomocą Basicu /
_cWolfgang Link.
260 _aWarszawa :
_bWNT,
_c1988.
490 1 _aMikrokomputery
650 9 _aBasic
830 _aMikrokomputery
040 _cBPK
041 _apol
080 _a004.438
942 _cKS
008 s pl f |000 0 pol
999 _c3632
_d3632
856 _uhttp://koha.tu.koszalin.pl/cgi-bin/koha/opac-detail.pl?biblionumber=3632
_yKatalog online BPK